000 00544nam a2200181 4500
001 138311
003 ES-MaACL
005 20230906195536.0
007 t|
008 070214s1981 sp r ||||1| spa d
100 1 _aSanchís Llorca, F. J.
_9103014
245 1 0 _aProgramación con el lenguaje Pascal /
_cF. J. Sanchís Llorca, A. Morales Lozano.
250 _a2ª ed. corr.
260 _aMadrid :
_bParaninfo,
_c1981.
300 _a362 p. :
_bil. ;
_c22 cm.
700 1 _aMorales Lozano, A.
_983050
852 _aES-MaACL
_jL-1309
_bR.101918
999 _c138311
_d138311